[Event "Philadelphia int op 11th"]
[Site "Philadelphia"]
[Date "2017.06.26"]
[Round "5"]
[White "Zhu, Qingyu"]
[Black "De Fotis, Gary"]
[Result "1/2-1/2"]
[WhiteElo "1964"]
[BlackElo "1911"]
[PlyCount "81"]
[EventDate "2017.06.24"]
[EventType "swiss"]
[EventRounds "9"]
[EventCountry "USA"]
[SourceTitle "CBM 179 Extra"]
[Source "ChessBase"]
[SourceDate "2017.08.23"]
[SourceVersion "1"]
[SourceVersionDate "2017.08.23"]
[SourceQuality "1"]

1. e4 c5 2. Nc3 d6 3. g3 Nc6 4. Bg2 g6 5. d3 Bg7 6. Be3 Nf6 7. h3 Rb8 8. f4 0-0 9. Nf3 Ne8 10. 0-0 b5 11. Rb1 b4 12. Ne2 Ba6 13. g4 Nc7 14. Qd2 Nb5 15. f5 Nbd4 16. Nexd4 Nxd4 17. Nxd4 cxd4 18. Bh6 Qc7 19. Rf2 Rb5 20. Rbf1 Qc5 21. Bxg7 Kxg7 22. f6+ exf6 23. Rxf6 Qe5 24. Qf2 Rb7 25. h4 Rc7 26. Qf3 Bc8 27. g5 Be6 28. Rf2 a5 29. Bh3 Bxh3 30. Qxh3 a4 31. Kg2 d5 32. Qg3 Qxg3+ 33. Kxg3 dxe4 34. dxe4 a3 35. bxa3 Rc3+ 36. Kg4 Rxa3 37. Rb6 Rxa2 38. Rxb4 d3 39. Rc4 Rxc2 40. Rcxc2 dxc2 41. Rxc2 1/2-1/2